Statistiche per Guerre del XVI secolo

Clicka qui per fare il quiz!

Statistiche generali

  • Questo quiz è stato fatto 9 volte
  • Il punteggio medio è 13 su 19

Statistiche sulle risposte

DataLuoghi del conflittoRisposte% Corretto
1524-1525Germania, Svizzera, Austria, AlsaziaGuerra dei contadini tedeschi
100%
1583-1588Elettorato di ColoniaGuerra di Colonia
100%
1546-1547GermaniaGuerra di Smalcalda
100%
1529-1531SvizzeraGuerre di Kappel
100%
1562-1598FranciaGuerre di religione in Francia
100%
1522RenaniaRivolta dei Cavalieri
100%
1549Cornovaglia, DevonRivolta del Prayer Book
100%
1534-1535MunsterRivolta di Munster
100%
1494-1559ItaliaGuerre d'Italia
75%
1565MaltaAssedio di Malta
50%
1519-1521MessicoConquista dell'Impero Azteco
50%
1531-1535Perù, EcuadorConquista dell'Impero Incas
50%
1568-1648Paesi Bassi, Germania, Oceano AtlanticoGuerra degli ottant'anni
50%
1529-1552UngheriaPiccola guerra
50%
1585-1604Oceano Atlantico, Manica, Spagna, America centrale, CornovagliaGuerra anglo-spagnola
25%
1598-1599SveziaGuerra contro Sigismondo
25%
1570-1573Cipro, Mar Egeo, Grecia, DalmaziaGuerra di Cipro
25%
1593-1606Ungheria, BalcaniLunga guerra
25%
1537-1540Grecia, Mar Ionio, Mar EgeoTerza guerra turco-veneziana
25%

Distribuzione punteggi

Percentile per numero di risposta

Percentuale di utenti per punteggio

I tuoi punteggi nel tempo

Non hai fatto questo quiz